000 01134nam a22002777a 4500
005 20250919142310.0
008 210701s mx bd gr|||| 00| 0 spa|d
020 _a9681633652
050 0 4 _aHD1417
_bD47 1991
240 0 0 _aAgricultural development in the third world.
_lEspañol
245 0 0 _aDesarrollo agrícola en el tercer mundo
_c / Carl K. Eicher, John M. Staatz (compiladores) ; traducción de Lisette Eternod, Ester Jansenson, Susana Marín de Rawlinson.
250 _a1a ed.
260 _aMéxico :
_bFondo de Cultura Económica,
_c1991
300 _a596 p. :
_bil. ;
_c23 cm.
490 0 _aTextos de Economía
504 _aIncluye bibliografía : p. 581-582 e índice
650 4 _aAgricultura
_xAspectos económicas
650 4 _aAgricultura
_xAspectos económicos
_xPaises subdesarrollados
651 4 _aPaíses en desarrollo
_xEconomía agrícola
_xUso del suelo
700 1 _aEicher, Carl K.
_ecompilador
700 1 _aStaatz, John M.
_ecompilador
700 1 _aEternod, Lisette
_etraductor
700 1 _aJansenson, Ester
_etraductor
700 1 _aMarín de Rawlinson, Susana
_etraductor
942 _2lcc
_cLIB
999 _c97555
_d97555